|
|
|
|
| LEADER |
00000nas a2200000 a 4500 |
| 001 |
60266 |
| 003 |
Ucuenca |
| 005 |
20230308222921.0 |
| 008 |
000000| cu |||||r|||||||||||spa|| |
| 040 |
|
|
|b spa
|
| 041 |
0 |
|
|a spa
|
| 082 |
0 |
|
|a 050
|b C296c
|
| 110 |
2 |
|
|a Casa de las Américas.
|9 104956
|
| 245 |
|
0 |
|a Casa de las Américas
|c Casa de las Américas
|h imp
|
| 264 |
|
|
|a La Habana
|b Casa de las Américas
|c s.f.
|
| 300 |
|
|
|a páginas: irreg.
|b ilu
|c 23 cm
|
| 504 |
|
|
|a incl. ref.
|
| 650 |
|
|
|a Revista casa de las americas
|9 101794
|
| 852 |
|
|
|a UC-CDJBV
|f Donación
|l 1
|m General
|p 00000000
|r 2
|t 60266
|b 0
|d CDRC
|e CDRC
|g 050 C296a TERCER PISO (SECCION REVISTAS)
|z 0000-00-00
|
| 942 |
|
|
|c SER
|
| 999 |
|
|
|c 142499
|d 142499
|